Loading...
| Social Science | 0 | 6 | 0 | 1 | 60 | 83 | 99.00 | 1 | 5 |
| Literature - World Literature | 0 | 4 | 1 | 1 | 35 | 118 | 129.25 | 0 | 3 |
| Literature - British Literature | 0 | 3 | 0 | 1 | 30 | 80 | 114.33 | 0 | 2 |
| Literature - European Literature | 1 | 1 | 0 | 0 | 25 | 51 | 69.50 | 0 | 2 |
| Fine Arts - Other Arts | 1 | 1 | 0 | 0 | 25 | 64 | 91.00 | 1 | 2 |
| Beliefs | 1 | 1 | 1 | 0 | 20 | 75 | 94.50 | 2 | 2 |
| Literature - American Literature | 0 | 2 | 0 | 0 | 20 | 86 | 100.50 | 0 | 2 |
| Philosophy | 0 | 2 | 0 | 0 | 20 | 91 | 104.00 | 0 | 2 |
| History - Other History | 0 | 1 | 0 | 1 | 10 | 137 | 137.00 | 0 | 1 |
| Visual Arts | 0 | 1 | 0 | 1 | 10 | 133 | 133.00 | 0 | 1 |
| Science - Other Science | 0 | 0 | 0 | 0 | 0 | 0.00 | 0 | 0 | |
| Science - Biology | 0 | 0 | 1 | 0 | -5 | 0.00 | 0 | 0 |